| 000 | 02143cam a2200433 i 4500 | ||
|---|---|---|---|
| 001 | 20623273 | ||
| 003 | OSt | ||
| 005 | 20260305145015.0 | ||
| 008 | 180809t20182018enka e 001 0 eng | ||
| 010 | _a 2018285771 | ||
| 020 |
_a9781108465953 _q(Coursebook) |
||
| 020 |
_a1108465951 _q(Coursebook) |
||
| 020 |
_a9781108465977 _q(Workbook) |
||
| 020 |
_a9781108566698 _q(Teacher's book) |
||
| 035 | _a20623273 | ||
| 040 |
_aDLC _cDLC |
||
| 042 | _apcc | ||
| 050 | 0 | 0 |
_aPE1128 _b.L796 2018 |
| 082 | 0 | 4 |
_a428BRA _223 |
| 245 | 1 | 0 |
_aCambridge IGCSE English as a second language / _cTom Bradbury and Mark Fountain |
| 246 | 3 | 0 | _aIGCSE |
| 246 | 3 | 0 |
_aEnglish as a second language : _bcourse book |
| 250 | _aFifth edition. | ||
| 264 | 1 |
_aCambridge, England : _bCambridge University Press, _c2019. |
|
| 264 | 4 | _c©2019 | |
| 300 |
_a155p. _bcolor illustrations ; _c28 cm. _e2 CDs |
||
| 336 |
_atext _btxt _2rdacontent |
||
| 336 |
_astill image _bsti _2rdacontent |
||
| 337 |
_aunmediated _bn _2rdamedia |
||
| 338 |
_avolume _bnc _2rdacarrier |
||
| 505 | 0 | _a1. Coursebook | |
| 520 | _aSupports students studying for Cambridge IGCSE (R) English as a Second Language (ESL). This fully updated print course book is designed to support students studying for Cambridge IGCSE (R) English as a Second Language syllabus (0510/0511/0991) for examination in 2019. With carefully scaffolded content, this easy to navigate course book has a language focus in each unit and offers new word and top tips. Each unit is themed and takes an integrated skills approach while emphasising a core skill. At the end of each chapter students can reflect and develop on what they have learnt, all to help build students' language skills and confidence in English as the course progresses. Answers in teacher's book. | ||
| 650 | 0 |
_aEnglish language _vTextbooks for foreign speakers. |
|
| 650 | 0 |
_aEnglish language _vExaminations, questions, etc. |
|
| 650 | 0 |
_aUniversities and colleges _xEntrance requirements. |
|
| 906 |
_a7 _bvbc _corigres _d3 _encip _f20 _gy-gencatlg |
||
| 942 |
_2ddc _cBK |
||
| 999 |
_c4104 _d4104 |
||